| 000 | 00555nam a2200181Ia 4500 | ||
|---|---|---|---|
| 003 | GCL | ||
| 008 | 140319s9999 xx 000 0 ara d | ||
| 040 |
_aGCL / _cGCL |
||
| 082 | 0 | 4 |
_a191 _bع ا |
| 100 | 1 | _aعبدالرحمن بدوى | |
| 245 | 1 | 0 |
_aمؤلفات الغزالى / _cعبدالرحمن بدوى |
| 260 |
_a[S.N] : _bالمجلس الاعلى لرعاية الفنون والاداب ، _c1977 |
||
| 300 | _a566 ص | ||
| 490 | _a | ||
| 650 | 0 | 4 | _aالفلسفة الاسلامية |
| 650 | 0 | 4 | _aبيليوجرافيا |
| 942 |
_2ddc _cBK |
||
| 999 |
_c58685 _d58685 |
||